000 00250nam a2200097Ia 4500
001 1253492
005 20251031150954.0
008 251031s9999 xx 000 0 und d
245 0 _cSAVAŞ ÖZDEMİR
_aV-15 NAZİK OLUYORUM
260 _bTİMAŞ YAYINLARI
999 _c1253492
_d1253492